| 000 | 00449nam a2200157 4500 | ||
|---|---|---|---|
| 003 | SEACOMEC | ||
| 005 | 20250507134300.0 | ||
| 008 | 250507b |||||||| |||| 00| 0 eng d | ||
| 020 |
_a978-0321525949 _c625.00 |
||
| 040 | _aSEACOMEC | ||
| 082 |
_a005.382 _bS846 |
||
| 100 | _a Stevens, W . R | ||
| 245 |
_aAdvanced Programming in the UNIX Environment / _c Richard W. Stevens & , Stephen A. Rago |
||
| 260 |
_aDelhi : _bPearson, _c2005 |
||
| 942 | _cBOOK | ||
| 999 |
_c2273 _d2273 |
||